My NBA BPOY (Best Player of the year award) - Statistics

General Stats
  • This quiz has been taken 18 times
    8 since last reset
  • The average score is 63 of 79
Answer Stats
Year Team Answer % Correct
2010-11 Mavericks Dirk Nowitzki
100%
1994-95 Rockets Hakeem Olajuwon
100%
1993-94 Rockets Hakeem Olajuwon
100%
2018-19 Raptors Kawhi Leonard
100%
2016-17 Warriors Kevin Durant
100%
2009-10 Lakers Kobe Bryant
100%
2008-09 Lakers Kobe Bryant
100%
2007-08 Lakers Kobe Bryant
100%
1985-86 Celtics Larry Bird
100%
1983-84 Celtics Larry Bird
100%
2019-20 Lakers LeBron James
100%
2017-18 Cavaliers LeBron James
100%
2015-16 Cavaliers LeBron James
100%
2014-15 Cavaliers LeBron James
100%
2013-14 Heat LeBron James
100%
2012-13 Heat LeBron James
100%
2011-12 Heat LeBron James
100%
2023-24 Mavericks Luka Doncic
100%
1987-88 Lakers Magic Johnson
100%
1986-87 Lakers Magic Johnson
100%
1984-85 Lakers Magic Johnson
100%
1997-98 Bulls Michael Jordan
100%
1996-97 Bulls Michael Jordan
100%
1995-96 Bulls Michael Jordan
100%
1992-93 Bulls Michael Jordan
100%
1991-92 Bulls Michael Jordan
100%
1990-91 Bulls Michael Jordan
100%
1989-90 Bulls Michael Jordan
100%
1988-89 Bulls Michael Jordan
100%
2022-23 Nuggets Nikola Jokic
100%
2024-25 Thunder Shai Gilgeous-Alexander
100%
2001-02 Lakers Shaquille O'Neal
100%
2000-01 Lakers Shaquille O'Neal
100%
1999-00 Lakers Shaquille O'Neal
100%
2021-22 Warriors Stephen Curry
100%
2006-07 Spurs Tim Duncan
100%
1998-99 Spurs Tim Duncan
100%
2020-21 Bucks Giannis Antetokounmpo
86%
2003-04 Timberwolves Kevin Garnett
86%
2005-06 Lakers Kobe Bryant
86%
1982-83 76ers Moses Malone
86%
2004-05 Spurs Tim Duncan
86%
2002-03 Spurs Tim Duncan
86%
1977-78 Bullets Elvin Hayes
71%
1978-79 Spurs George Gervin
71%
1979-80 Lakers Kareem Abdul-Jabbar
71%
1981-82 Lakers Magic Johnson
71%
1980-81 Rockets Moses Malone
71%
1965-66 Celtics Bill Russell
57%
1964-65 Celtics Bill Russell
57%
1960-61 Celtics Bill Russell
57%
1959-60 Celtics Bill Russell
57%
1958-59 Celtics Bob Cousy
57%
1956-57 Celtics Bob Cousy
57%
1975-76 Braves Bob McAdoo
57%
1957-58 Hawks Bob Pettit
57%
1954-55 Nationals Dolph Schayes
57%
1962-63 Lakers Elgin Baylor
57%
1953-54 Lakers George Mikan
57%
1952-53 Lakers George Mikan
57%
1951-52 Lakers George Mikan
57%
1949-50 Lakers George Mikan
57%
1948-49 Lakers George Mikan
57%
1969-70 Lakers Jerry West
57%
1968-69 Lakers Jerry West
57%
1976-77 76ers Julius Erving
57%
1973-74 Bucks Kareem Abdul-Jabbar
57%
1971-72 Bucks Kareem Abdul-Jabbar
57%
1970-71 Bucks Kareem Abdul-Jabbar
57%
1955-56 Warriors Paul Arizin
57%
1974-75 Warriors Rick Barry
57%
1966-67 Warriors Rick Barry
57%
1972-73 Knicks Walt Frazier
57%
1967-68 76ers Wilt Chamberlain
57%
1963-64 Warriors Wilt Chamberlain
57%
1961-62 Warriors Wilt Chamberlain
57%
1947-48 Warriors Joe Fulks
43%
1946-47 Warriors Joe Fulks
43%
1950-51 Royals Arnie Risen
29%
No matching quizzes found
Score Distribution
Percent of People with Each Score
Percentile by Number Answered
Your Score History
You have not taken this quiz since the last reset